Top 10 Largest Cities in the World in 1900 - Statistics

General Stats
  • This quiz has been taken 5,649 times
  • The average score is 7 of 10
Answer Stats
Number Population Answer % Correct
1 6,480,000 London
98%
2 4,242,000 New York
96%
3 3,330,000 Paris
93%
4 2,707,000 Berlin
84%
7 1,497,000 Tokyo
82%
5 1,717,000 Chicago
65%
6 1,698,000 Vienna
47%
8 1,439,000 St. Petersburg
45%
10 1,418,000 Philadelphia
43%
9 1,435,000 Manchester
35%
No matching quizzes found
Score Distribution
Percent of People with Each Score
Percentile by Number Answered
Your Score History
You have not taken this quiz